[Event "ESTCC U65 2018"]
[Site "Walbrzych"]
[Date "2018.04.19"]
[Round "6"]
[White "Giulian, Philip M"]
[Black "Kauko, Pekka"]
[Result "1-0"]
[WhiteElo "2124"]
[BlackElo "1961"]
[Annotator "ChessBase"]
[PlyCount "95"]
[EventDate "2018.??.??"]
[EventCountry "POL"]
[SourceTitle "playchess.com"]
[Source "ChessBase"]
[SourceQuality "1"]
[WhiteTeam "Scotland"]
[BlackTeam "Finland"]
[WhiteTeamCountry "SCO"]
[BlackTeamCountry "FIN"]
[TimeControl "40/5400+30:1800+30"]

1. Nf3 {[%emt 0:00:00]} d5 {[%emt 0:00:16]} 2. c4 {[%emt 0:00:00]} c6 {[%emt 0:00:19]} 3. g3 {[%emt 0:00:00]} Nf6 {[%emt 0:00:12]} 4. Bg2 {[%emt 0:00:00]} g6 {[%emt 0:00:19]} 5. b3 {[%emt 0:00:44]} Bg7 {[%emt 0:00:11]} 6. Bb2 {[%emt 0:00:11]} O-O {[%emt 0:00:12]} 7. O-O {[%emt 0:00:19]} Re8 {[%emt 0:00:24]} 8. d4 {[%emt 0:13:13]} Nbd7 {[%emt 0:03:43]} 9. Nbd2 {[%emt 0:01:53]} Qb6 {[%emt 0:02:58]} 10. Qc2 {[%emt 0:02:04]} e6 {[%emt 0:09:04]} 11. Rfe1 {[%emt 0:04:12]} a5 {[%emt 0:01:52]} 12. c5 {[%emt 0:18:08]} Qa7 {[%emt 0:02:14]} 13. Rac1 {[%emt 0:00:49]} a4 {[%emt 0:00:57]} 14. h3 {[%emt 0:07:26]} h5 {[%emt 0:02:05]} 15. b4 {[%emt 0:00:44]} Bh6 {[%emt 0:01:42]} 16. e3 {[%emt 0:01:36]} a3 {[%emt 0:01:19]} 17. Ba1 {[%emt 0:01:19]} Qa4 {[%emt 0:02:58]} 18. Qb1 {[%emt 0:01:45]} Rb8 {[%emt 0:03:24]} 19. Bf1 {[%emt 0:02:09]} b6 {[%emt 0:06:26]} 20. cxb6 {[%emt 0:00:12]} Rxb6 {[%emt 0:00:40]} 21. Bc3 {[%emt 0:00:09]} Bf8 {[%emt 0:01:02]} 22. Qc2 {[%emt 0:02:57]} Qa7 {[%emt 0:08:42]} 23. Rb1 {[%emt 0:04:49]} Ba6 {[%emt 0:00:59]} 24. Qa4 {[%emt 0:09:18]} Ra8 {[%emt 0:00:32]} 25. Bxa6 {[%emt 0:00:50]} Rxa6 {[%emt 0:02:50]} 26. Qc2 {[%emt 0:00:37]} Rb6 {[%emt 0:01:27]} 27. Ne5 {[%emt 0:07:27]} Qb7 {[%emt 0:02:56]} 28. Nd3 {[%emt 0:00:24]} Qc7 {[%emt 0:09:13]} 29. Rb3 {[%emt 0:05:06]} Bd6 {[%emt 0:04:40]} 30. f4 {[%emt 0:00:07]} Be7 {[%emt 0:03:26]} 31. Nc5 {[%emt 0:04:13]} Kh7 {[%emt 0:01:03]} 32. Nf3 {[%emt 0:00:31]} Nf8 {[%emt 0:05:35]} 33. Qg2 {[%emt 0:01:40]} Rbb8 {[%emt 0:05:47]} 34. g4 {[%emt 0:00:21]} Qc8 {[%emt 0:01:33]} 35. Rc1 {[%emt 0:00:28]} Ra7 {[%emt 0:01:58]} 36. Ne5 {[%emt 0:00:26]} Kg7 {[%emt 0:03:33]} 37. Be1 {[%emt 0:00:11]} N8h7 {[%emt 0:00:54]} 38. Rcc3 {[%emt 0:04:20]} Nf8 {[%emt 0:03:52]} 39. Qc2 {[%emt 0:05:43]} hxg4 {[%emt 0:01:51]} 40. hxg4 {[%emt 0:00:00]} Rb6 {[%emt 0:01:29]} 41. Rxa3 {[%emt 0:01:47]} Rxa3 {[%emt 0:01:39]} 42. Rxa3 {[%emt 0:00:06]} Qb8 {[%emt 0:02:16]} 43. g5 {[%emt 0:03:06]} Ne4 {[%emt 0:02:06]} 44. Ned7 {[%emt 0:01:12]} Nxd7 {[%emt 0:00:47]} 45. Nxd7 {[%emt 0:00:07]} Qb7 {[%emt 0:00:23]} 46. Nxb6 {[%emt 0:00:04]} Qxb6 {[%emt 0:00:09]} 47. Ra8 {[%emt 0:01:34]} Qb7 {[%emt 0:01:24]} 48. Qa4 {[%emt 0:00:06]} 1-0

[Event "ESTCC U65 2018"]
[Site "Walbrzych"]
[Date "2018.04.19"]
[Round "6"]
[White "Staechelin, Ruedi"]
[Black "Lundgren, Ulf"]
[Result "1/2-1/2"]
[WhiteElo "2091"]
[BlackElo "1989"]
[Annotator "NA"]
[PlyCount "39"]
[EventDate "2018.??.??"]
[EventCountry "POL"]
[SourceTitle "playchess.com"]
[Source "ChessBase"]
[SourceQuality "1"]
[WhiteTeam "Switzerland"]
[BlackTeam "Sweden"]
[WhiteTeamCountry "SUI"]
[BlackTeamCountry "SWE"]
[TimeControl "40/5400+30:1800+30"]

1. e4 {[%emt 0:00:00]} e5 {[%emt 0:00:22]} 2. Nf3 {[%emt 0:00:00]} Nc6 {[%emt 0:00:05]} 3. Bb5 {[%emt 0:00:06]} a6 {[%emt 0:01:37]} 4. Ba4 {[%emt 0:01:12]} Nf6 {[%emt 0:02:16]} 5. O-O {[%emt 0:01:20]} b5 {[%emt 0:00:24]} 6. Bb3 {[%emt 0:00:04]} Be7 {[%emt 0:02:32]} 7. Re1 {[%emt 0:00:23]} d6 {[%emt 0:00:44]} 8. c3 {[%emt 0:01:38]} Na5 {[%emt 0:00:46]} 9. Bc2 {[%emt 0:00:25]} c5 {[%emt 0:00:05]} 10. d3 {[%emt 0:04:11]} Bg4 {[%emt 0:02:19]} 11. Nbd2 {[%emt 0:01:08]} Nc6 {[%emt 0:00:51]} 12. Nf1 {[%emt 0:01:42]} O-O {[%emt 0:01:07]} 13. h3 {[%emt 0:01:15]} Bd7 {[%emt 0:03:31]} 14. Ne3 $11 {[%emt 0:01:52]} Qc8 {[%emt 0:03:54]} 15. Nd5 {[%emt 0:09:40]} Bd8 {[%emt 0:05:36]} 16. Ne3 {[%emt 0:17:28]} Ne8 {[%emt 0:05:25]} 17. d4 {[%emt 0:11:48]} c4 {[%emt 0:19:14]} 18. dxe5 {[%emt 0:05:51]} dxe5 {[%emt 0:00:54]} 19. Qe2 {[%emt 0:03:23]} Nc7 {[%emt 0:03:29]} 20. Qf1 {[%emt 0:08:16]} 1/2-1/2

[Event "ESTCC U65 2018"]
[Site "Walbrzych"]
[Date "2018.04.19"]
[Round "6"]
[White "White, Alastair F"]
[Black "Alkkiomaki, Jyrki"]
[Result "1-0"]
[WhiteElo "2069"]
[BlackElo "1967"]
[Annotator "NA"]
[PlyCount "87"]
[EventDate "2018.??.??"]
[EventCountry "POL"]
[SourceTitle "playchess.com"]
[Source "ChessBase"]
[SourceQuality "1"]
[WhiteTeam "Scotland"]
[BlackTeam "Finland"]
[WhiteTeamCountry "SCO"]
[BlackTeamCountry "FIN"]
[TimeControl "40/5400+30:1800+30"]

1. e4 {[%emt 0:00:00]} e5 {[%emt 0:00:08]} 2. Bc4 {[%emt 0:00:01]} Nf6 {[%emt 0:01:55]} 3. d3 {[%emt 0:00:13]} Bc5 {[%emt 0:00:46]} 4. Nc3 {[%emt 0:00:44]} h6 5. f4 {[%emt 0:03:00]} d6 {[%emt 0:04:17]} 6. Na4 {[%emt 0:01:51]} Bxg1 {[%emt 0:02:03]} 7. Rxg1 {[%emt 0:00:08]} c6 {[%emt 0:01:14]} 8. Nc3 {[%emt 0:00:15]} exf4 {[%emt 0:02:33]} 9. Bxf4 {[%emt 0:01:29]} Qb6 {[%emt 0:08:57]} 10. Ne2 {[%emt 0:09:12]} d5 {[%emt 0:02:13]} 11. exd5 {[%emt 0:01:55]} cxd5 {[%emt 0:00:20]} 12. Bb3 {[%emt 0:01:07]} Bg4 {[%emt 0:03:47]} 13. Qd2 {[%emt 0:03:29]} Nbd7 {[%emt 0:01:20]} 14. h3 {[%emt 0:02:03]} Be6 {[%emt 0:00:46]} 15. O-O-O $14 {[%emt 0:04:35]} ({White should try} 15. Be3 $16 Qd6 16. O-O-O) 15... Nc5 {[%emt 0:00:35]} 16. Be5 {[%emt 0:06:43]} a5 {[%emt 0:03:54]} 17. c3 {[%emt 0:06:40]} Nxb3+ {[%emt 0:00:16]} 18. axb3 {[%emt 0:00:07]} Qxb3 {[%emt 0:01:31]} 19. Nd4 {[%emt 0:02:24]} Qa2 {[%emt 0:00:26]} 20. Kc2 {[%emt 0:05:30]} Qa4+ {[%emt 0:00:11]} 21. Kb1 {[%emt 0:00:07]} Qd7 {[%emt 0:09:38]} 22. Qf2 {[%emt 0:04:24]} Rg8 {[%emt 0:04:53]} 23. Rge1 {[%emt 0:02:25]} O-O-O {[%emt 0:00:22]} 24. Nxe6 {[%emt 0:06:40]} fxe6 {[%emt 0:00:25]} 25. Qc5+ {[%emt 0:03:30]} Qc6 {[%emt 0:00:37]} 26. Qxc6+ {[%emt 0:00:16]} bxc6 {[%emt 0:00:18]} 27. Bxf6 {[%emt 0:00:22]} gxf6 {[%emt 0:00:10]} 28. Rxe6 {[%emt 0:00:09]} Kd7 {[%emt 0:01:53]} 29. Rxf6 {[%emt 0:00:09]} Rxg2 {[%emt 0:00:11]} 30. Re1 {[%emt 0:05:17]} Rb8 {[%emt 0:00:33]} 31. Rf7+ {[%emt 0:02:22]} Kd6 {[%emt 0:00:16]} 32. Rf6+ {[%emt 0:00:13]} Kc5 {[%emt 0:00:16]} 33. d4+ {[%emt 0:01:33]} Kc4 {[%emt 0:08:51]} 34. Rxc6+ {[%emt 0:00:07]} Kb3 {[%emt 0:00:08]} 35. Ka1 {[%emt 0:01:23]} a4 {[%emt 0:10:33]} 36. c4 {[%emt 0:05:20]} dxc4 {[%emt 0:06:52]} 37. Re3+ {[%emt 0:00:20]} Kb4 {[%emt 0:00:06]} 38. Rc3 {[%emt 0:00:21]} Rf8 {[%emt 0:02:07]} 39. R3xc4+ {[%emt 0:00:25]} Kb3 {[%emt 0:00:38]} 40. Rc3+ {[%emt 0:00:00]} Kb4 {[%emt 0:00:10]} 41. R3c5 {[%emt 0:08:46]} Rb8 {[%emt 0:04:39]} 42. Ka2 {[%emt 0:05:42]} Rd2 {[%emt 0:03:37]} 43. Rc4+ {[%emt 0:00:25]} Kb5 {[%emt 0:00:22]} 44. R6c5+ {[%emt 0:00:11]} 1-0

[Event "ESTCC U65 2018"]
[Site "Walbrzych"]
[Date "2018.04.19"]
[Round "6"]
[White "Meskanen, Vesa"]
[Black "Andersson, Finn"]
[Result "1-0"]
[WhiteElo "2066"]
[BlackElo "1719"]
[Annotator "NA"]
[PlyCount "99"]
[EventDate "2018.??.??"]
[EventCountry "POL"]
[SourceTitle "playchess.com"]
[Source "ChessBase"]
[SourceQuality "1"]
[WhiteTeam "Finland"]
[BlackTeam "Denmark"]
[WhiteTeamCountry "FIN"]
[BlackTeamCountry "DEN"]
[TimeControl "40/5400+30:1800+30"]

1. d4 {[%emt 0:00:00]} Nf6 {[%emt 0:00:06]} 2. c4 {[%emt 0:00:00]} e6 {[%emt 0:00:04]} 3. Nf3 {[%emt 0:00:00]} c5 {[%emt 0:00:15]} 4. g3 {[%emt 0:00:29]} d5 {[%emt 0:01:43]} 5. cxd5 {[%emt 0:00:27]} exd5 {[%emt 0:01:15]} 6. Bg2 {[%emt 0:00:14] E01: Catalan: Early deviations} b6 {[%emt 0:10:53]} (6... Nc6 7. O-O Be7 8. dxc5 Bxc5 9. a3 a6 10. b4 Ba7 11. Bb2 O-O 12. Nbd2 Re8 13. Nb3 Bg4 14. h3 Bh5 15. g4 Bg6 16. Rc1 Ne4 17. Nbd4 {0-1 (34) Socko,B (2593)-Akobian,V (2647) Riadh 2017}) 7. O-O {[%emt 0:01:40]} Bb7 {[%emt 0:00:10]} 8. Nc3 {[%emt 0:03:54]} Be7 {[%emt 0:04:50]} 9. Be3 {[%emt 0:09:56]} O-O {[%emt 0:00:36]} 10. Rc1 {[%emt 0:02:43]} Nbd7 {[%emt 0:06:38]} 11. h3 {[%emt 0:03:10]} a6 $146 {[%emt 0:10:26]} ({Predecessor:} 11... Rc8 12. Nh4 Ne4 13. Nf5 Ndf6 14. Nxe7+ Qxe7 15. Nxe4 Nxe4 {0-1 (46) Karavaeva,A (1831)-Andreeva,E (1963) Togliatti 2012}) 12. Ne5 {[%emt 0:12:32]} Re8 {[%emt 0:16:42]} 13. Nxd7 {[%emt 0:06:17]} Qxd7 {[%emt 0:00:31]} 14. Na4 {[%emt 0:04:43]} Qb5 {[%emt 0:16:34]} 15. dxc5 {[%emt 0:03:56]} bxc5 {[%emt 0:05:06]} 16. Bxc5 {[%emt 0:04:36]} Bxc5 {[%emt 0:02:48]} 17. Nxc5 {[%emt 0:01:24]} Bc6 {[%emt 0:01:06]} 18. Nd3 {[%emt 0:00:53]} Rad8 {[%emt 0:00:19]} 19. Rc5 {[%emt 0:01:40]} Qb6 {[%emt 0:01:08]} 20. b3 {[%emt 0:06:31]} Ne4 {[%emt 0:00:13]} 21. Rc2 {[%emt 0:00:36]} Bb7 {[%emt 0:00:45]} 22. Kh2 {[%emt 0:01:12]} Qd6 {[%emt 0:03:24]} 23. Ne1 {[%emt 0:02:14]} Qb6 {[%emt 0:01:52]} 24. Nd3 {[%emt 0:02:59]} Qd6 {[%emt 0:00:11]} 25. Qc1 {[%emt 0:01:52]} Re7 {[%emt 0:03:17]} 26. Qf4 {[%emt 0:01:30]} Qd7 {[%emt 0:02:22]} 27. h4 {[%emt 0:04:19]} h6 {[%emt 0:00:05]} 28. Bh3 {[%emt 0:00:48]} Qe8 {[%emt 0:00:26]} 29. Rfc1 {[%emt 0:00:43]} Nd6 {[%emt 0:02:06]} 30. e3 {[%emt 0:01:06]} Re4 {[%emt 0:00:24]} 31. Qf3 {[%emt 0:02:01]} d4 {[%emt 0:00:33]} 32. Nc5 {[%emt 0:01:48]} Rxe3 {[%emt 0:02:24]} 33. Qd1 {[%emt 0:02:28]} Re7 {[%emt 0:03:51]} 34. Nxb7 {[%emt 0:04:48]} Nxb7 {[%emt 0:00:06]} 35. Rc8 {[%emt 0:01:21]} Nd6 {[%emt 0:02:47]} 36. Rxd8 {[%emt 0:00:35]} Qxd8 {[%emt 0:00:02]} 37. Qxd4 {[%emt 0:00:15]} Re4 {[%emt 0:01:27]} 38. Qd5 {[%emt 0:04:03]} Qe7 {[%emt 0:00:12]} 39. Qa8+ {[%emt 0:00:38]} Kh7 {[%emt 0:00:11]} 40. Qxa6 {[%emt 0:00:00]} Qe5 {[%emt 0:00:16]} 41. Qd3 {[%emt 0:05:05]} g6 {[%emt 0:01:56]} 42. Kg1 {[%emt 0:02:21]} Re2 $18 {[%emt 0:11:55]} 43. Rc2 {[%emt 0:01:43]} Re1+ {[%emt 0:02:35]} 44. Kh2 {[%emt 0:03:42]} Nb5 {[%emt 0:01:11]} 45. Bg2 {[%emt 0:04:46]} Nd4 {[%emt 0:00:46]} 46. Rd2 {[%emt 0:01:08]} Nf5 {[%emt 0:02:19]} 47. h5 {[%emt 0:04:36]} Nh4 {[%emt 0:10:07]} 48. hxg6+ {[%emt 0:03:45]} Nxg6 {[%emt 0:01:05]} 49. Qf3 {[%emt 0:03:55]} Nh4 {[%emt 0:00:16]} 50. Qxf7+ {[%emt 0:00:24]} 1-0

[Event "ESTCC U65 2018"]
[Site "Walbrzych"]
[Date "2018.04.19"]
[Round "6"]
[White "Rantanen, Veikko"]
[Black "Scrimgour, Alan"]
[Result "1/2-1/2"]
[WhiteElo "2007"]
[BlackElo "2083"]
[Annotator "NA"]
[PlyCount "95"]
[EventDate "2018.??.??"]
[EventCountry "POL"]
[SourceTitle "playchess.com"]
[Source "ChessBase"]
[SourceQuality "1"]
[WhiteTeam "Finland"]
[BlackTeam "Scotland"]
[WhiteTeamCountry "FIN"]
[BlackTeamCountry "SCO"]
[TimeControl "40/5400+30:1800+30"]

1. c4 {[%emt 0:00:00]} e5 {[%emt 0:00:05]} 2. g3 {[%emt 0:00:00]} Nf6 {[%emt 0:00:07]} 3. Bg2 {[%emt 0:00:10]} c6 {[%emt 0:00:15]} 4. Nf3 {[%emt 0:01:53]} e4 {[%emt 0:00:22] A20: English Opening: 1...e5} 5. Ng5 {[%emt 0:00:28]} (5. Nd4 Qb6 6. e3 d5 7. Nc3 Bg4 8. f3 exf3 9. Bxf3 Bxf3 10. Qxf3 dxc4 11. b3 cxb3 12. O-O Nbd7 13. axb3 {0-1 (34) Aronian,L (2799)-Caruana,F (2807) Saint Louis 2017}) 5... d5 {[%emt 0:01:09]} 6. O-O {[%emt 0:00:38]} h6 {[%emt 0:09:19]} 7. Nh3 {[%emt 0:00:06]} Bf5 {[%emt 0:01:47]} 8. cxd5 {[%emt 0:04:54]} cxd5 {[%emt 0:03:00]} 9. d3 {[%emt 0:04:47]} exd3 $146 {[%emt 0:09:33]} ({Predecessor:} 9... Qd7 10. Nf4 g5 11. dxe4 Bxe4 12. Qd4 {0-1 (20) Bielmeier,L (2005)-Huch,R (2286) Bayern 2010}) 10. exd3 {[%emt 0:00:18]} Be7 {[%emt 0:00:25]} 11. Nf4 {[%emt 0:03:54]} g5 {[%emt 0:09:22]} 12. Ne2 {[%emt 0:00:30]} Nc6 {[%emt 0:01:35]} 13. Be3 {[%emt 0:07:34]} Qd7 {[%emt 0:09:04]} 14. Nd4 {[%emt 0:04:38]} Bh3 {[%emt 0:02:48]} 15. Nc3 {[%emt 0:02:54]} Bxg2 {[%emt 0:01:05]} 16. Kxg2 {[%emt 0:00:07]} Ng4 {[%emt 0:03:32]} 17. Nxc6 {[%emt 0:09:10]} Nxe3+ {[%emt 0:00:36]} 18. fxe3 {[%emt 0:00:11]} bxc6 {[%emt 0:00:12]} 19. Rc1 {[%emt 0:02:42]} Rb8 {[%emt 0:05:27]} 20. b3 {[%emt 0:02:13]} O-O {[%emt 0:04:04]} 21. Qf3 {[%emt 0:03:07]} f5 {[%emt 0:02:02]} 22. Ne2 {[%emt 0:03:22]} Ba3 {[%emt 0:02:21]} 23. Rc2 {[%emt 0:00:08]} Rf6 {[%emt 0:02:47]} 24. Nd4 {[%emt 0:11:43]} Rbf8 {[%emt 0:00:39]} 25. Rcf2 {[%emt 0:00:20]} Bc5 {[%emt 0:04:32]} 26. Nc2 {[%emt 0:01:21]} Qe6 {[%emt 0:01:38]} 27. d4 {[%emt 0:03:29]} Bd6 {[%emt 0:02:07]} 28. Ne1 {[%emt 0:02:44]} g4 {[%emt 0:04:00]} 29. Qd1 {[%emt 0:00:13]} Qe4+ {[%emt 0:00:40]} 30. Kg1 {[%emt 0:00:22]} Qxe3 {[%emt 0:00:43]} 31. Qd3 {[%emt 0:00:17]} Qe4 {[%emt 0:04:57]} 32. Re2 {[%emt 0:00:54]} Qxd3 {[%emt 0:00:25]} 33. Nxd3 {[%emt 0:00:07]} Kg7 {[%emt 0:01:27]} 34. Rc2 {[%emt 0:02:33]} Rc8 {[%emt 0:00:14]} 35. Rfc1 {[%emt 0:01:18]} Ba3 {[%emt 0:00:21]} 36. Re1 {[%emt 0:00:20]} a5 {[%emt 0:01:32]} 37. Ne5 {[%emt 0:02:05]} Re6 {[%emt 0:00:48]} 38. Rf1 {[%emt 0:00:51]} Rf6 {[%emt 0:05:12]} 39. Rcf2 {[%emt 0:03:09]} c5 {[%emt 0:02:30]} 40. Nxg4 {[%emt 0:00:00]} Rff8 {[%emt 0:00:47]} 41. Rxf5 {[%emt 0:01:30]} Rxf5 $14 {[%emt 0:01:55]} 42. Rxf5 {[%emt 0:00:18]} c4 {[%emt 0:01:17]} 43. bxc4 {[%emt 0:02:24]} dxc4 {[%emt 0:01:19]} 44. Rxa5 {[%emt 0:01:01]} Bb2 {[%emt 0:01:38]} 45. Kf1 {[%emt 0:07:33]} c3 {[%emt 0:03:36]} 46. Ne3 {[%emt 0:00:40]} c2 {[%emt 0:00:33]} 47. Nxc2 Rxc2 48. Re5 1/2-1/2

[Event "ESTCC U65 2018"]
[Site "Walbrzych"]
[Date "2018.04.19"]
[Round "6"]
[White "Olesen, Poul Erik Norgaard"]
[Black "Pushkov, Nikolai"]
[Result "0-1"]
[WhiteElo "2005"]
[BlackElo "2304"]
[Annotator "TA"]
[PlyCount "74"]
[EventDate "2018.??.??"]
[EventCountry "POL"]
[SourceTitle "playchess.com"]
[Source "ChessBase"]
[SourceQuality "1"]
[WhiteTeam "Denmark"]
[BlackTeam "Russia"]
[WhiteTeamCountry "DEN"]
[BlackTeamCountry "RUS"]

{[%evp 15,74,12,25,-6,0,-30,-37,-44,-44,-95,-47,-86,-71,-99,-80,-168,-158,-158,-106,-257,-96,-92,-93,-122,-99,-114,-92,-146,-140,-244,-218,-221,-220,-333,-158,-152,-157,-241,-241,-241,-239,-233,-231,-256,-255,-391,-389,-422,-432,-506,-498,-666,-601,-1392,-1367,-1189,-1141,-1512,-1063,-725,-720]} 1. e4 e6 2. d4 d5 3. Nc3 Nf6 4. Bg5 Be7 5. Bxf6 Bxf6 6. Nf3 dxe4 7. Nxe4 Nd7 8. Bd3 O-O {LiveBook: 39 Games} 9. h4 {C13: French: Classical System: 4 Bg5 Be7, Alekhine-Chatard Attack} (9. Qe2 c5 10. O-O-O cxd4 11. h4 Be7 12. Neg5 Nf6 13. Ne5 Qc7 14. g4 Bd6 15. f4 b6 16. Rhf1 Bb7 17. Bc4 Bd5 18. Rxd4 Rac8 19. Bxd5 exd5 {½-½ (35) Sutovsky,E (2660)-Ivanchuk,V (2711) Moscow 2002}) 9... c5 10. c3 $146 ({Predecessor:} 10. Nfg5 h6 11. Nh7 Kxh7 12. Nxf6+ Kh8 13. Nh5 Nf6 14. dxc5 Nxh5 15. Qxh5 Qa5+ {1-0 (38) Zach,A (2265)-Shekhter,D (2104) Bayern 2005}) 10... cxd4 11. Nxf6+ {Black is slightly better.} Nxf6 12. cxd4 ({White should play} 12. Nxd4 $15 e5 13. Nb3) 12... Qa5+ 13. Kf1 Bd7 14. Qe2 Rac8 15. g4 (15. Ne5 $17) 15... Bc6 16. Rg1 Rfd8 (16... Nd5 $142 17. Qe4 g6) 17. Ne5 $2 {[#]} (17. g5 $17 Nd5 18. Qe4) 17... Nd7 $2 (17... Rxd4 $19 {has better winning chances. White must now prevent ...Be4.} 18. g5 Nd5 19. Bxh7+ Kf8) 18. Nxc6 $17 Rxc6 19. g5 Rd6 20. Rg4 Nf8 21. b4 (21. Rd1 $142) 21... Qb6 22. h5 (22. Be4 $17) 22... Rxd4 $19 23. Rxd4 Rxd4 24. a3 (24. Qe3 $142) 24... Qd6 (24... Qc6 $19 {[%cal Rc6h1]} 25. f3 Rh4) 25. Be4 $17 b6 26. Qe3 (26. Re1 $17) 26... Rd1+ $19 27. Rxd1 Qxd1+ 28. Kg2 Qxh5 29. f4 h6 30. Bf3 (30. gxh6 {is a better defense.} Qxh6 31. Bd3) 30... Qh4 31. gxh6 Qxh6 {Black is clearly winning.} 32. a4 Ng6 33. a5 Qxf4 34. Qxf4 Nxf4+ 35. Kg3 g5 36. axb6 axb6 37. Kg4 f6 {Precision: White = 17%, Black = 51%.} 0-1

[Event "ESTCC U65 2018"]
[Site "Walbrzych"]
[Date "2018.04.19"]
[Round "6"]
[White "Wademark, Helge"]
[Black "Kradolfer, Georg"]
[Result "1/2-1/2"]
[WhiteElo "2005"]
[BlackElo "2084"]
[Annotator "NA"]
[PlyCount "34"]
[EventDate "2018.??.??"]
[EventCountry "POL"]
[SourceTitle "playchess.com"]
[Source "ChessBase"]
[SourceQuality "1"]
[WhiteTeam "Sweden"]
[BlackTeam "Switzerland"]
[WhiteTeamCountry "SWE"]
[BlackTeamCountry "SUI"]
[TimeControl "40/5400+30:1800+30"]

1. e4 {[%emt 0:00:00]} c6 {[%emt 0:00:15]} 2. d4 {[%emt 0:00:00]} d5 {[%emt 0:00:04]} 3. exd5 {[%emt 0:00:29]} cxd5 {[%emt 0:00:07]} 4. Bd3 {[%emt 0:00:14]} Nf6 {[%emt 0:01:00]} 5. Nf3 {[%emt 0:00:12]} Bg4 {[%emt 0:01:34]} 6. c3 {[%emt 0:00:52]} Qc7 {[%emt 0:09:59]} 7. Nbd2 {[%emt 0:06:14]} Nbd7 {[%emt 0:06:05]} 8. Qa4 {[%emt 0:02:27]} Bxf3 {[%emt 0:20:08]} 9. Nxf3 {[%emt 0:01:33]} e6 {[%emt 0:00:41]} 10. Bg5 {[%emt 0:04:16]} Bd6 {[%emt 0:13:28]} 11. Bxf6 {[%emt 0:11:12]} gxf6 {[%emt 0:00:07]} 12. g3 {[%emt 0:06:15]} a6 {[%emt 0:07:44]} 13. Nh4 {[%emt 0:06:38]} O-O-O {[%emt 0:01:55]} 14. O-O-O {[%emt 0:00:58]} f5 {[%emt 0:03:10]} 15. Ng2 {[%emt 0:01:56]} Kb8 {[%emt 0:00:38]} 16. Kb1 {[%emt 0:04:15]} Rc8 {[%emt 0:05:08]} 17. Rc1 {[%emt 0:02:37]} Nb6 {[%emt 0:00:48]} 1/2-1/2

[Event "ESTCC U65 2018"]
[Site "Walbrzych"]
[Date "2018.04.19"]
[Round "6"]
[White "Ranki, Martti"]
[Black "Marks, Ian A"]
[Result "1-0"]
[WhiteElo "1942"]
[BlackElo "1895"]
[Annotator "NA"]
[PlyCount "69"]
[EventDate "2018.??.??"]
[EventCountry "POL"]
[SourceTitle "playchess.com"]
[Source "ChessBase"]
[SourceQuality "1"]
[WhiteTeam "Finland"]
[BlackTeam "Scotland"]
[WhiteTeamCountry "FIN"]
[BlackTeamCountry "SCO"]
[TimeControl "40/5400+30:1800+30"]

1. d4 {[%emt 0:00:00]} d6 {[%emt 0:00:10]} 2. c4 {[%emt 0:01:06]} e5 {[%emt 0:00:07]} 3. e4 {[%emt 0:01:48]} exd4 {[%emt 0:01:14]} 4. Qxd4 {[%emt 0:00:27]} Nc6 {[%emt 0:00:14]} 5. Qd1 {[%emt 0:00:11]} g6 {[%emt 0:02:10]} 6. Nc3 {[%emt 0:00:55]} Bg7 {[%emt 0:00:52]} 7. Nf3 {[%emt 0:00:44]} Nf6 {[%emt 0:07:02]} 8. Bd3 {[%emt 0:02:17]} O-O {[%emt 0:01:41]} 9. h3 {[%emt 0:01:22]} Re8 {[%emt 0:01:24]} 10. O-O {[%emt 0:00:20]} h6 {[%emt 0:03:32]} 11. Be3 {[%emt 0:05:56]} Nb4 {[%emt 0:03:28]} 12. Bb1 {[%emt 0:02:38]} Be6 {[%emt 0:06:26]} 13. Qe2 {[%emt 0:12:33]} Nc6 {[%emt 0:04:46]} 14. Rd1 {[%emt 0:01:16]} Qe7 {[%emt 0:05:06]} 15. Bc2 {[%emt 0:03:27]} Ne5 {[%emt 0:04:35]} 16. Bb3 {[%emt 0:04:30]} Nxf3+ {[%emt 0:01:12]} 17. Qxf3 {[%emt 0:00:36]} Nd7 {[%emt 0:06:12]} 18. Qe2 {[%emt 0:08:42]} Nc5 {[%emt 0:04:43]} 19. Bc2 {[%emt 0:02:29]} Rad8 {[%emt 0:05:04]} 20. Qd2 {[%emt 0:04:12]} Kh7 {[%emt 0:01:52]} 21. Bd4 {[%emt 0:03:07]} c6 {[%emt 0:03:59]} 22. a3 {[%emt 0:05:01]} a5 {[%emt 0:03:09]} 23. Rab1 {[%emt 0:05:56]} Bf8 {[%emt 0:05:19]} 24. Qf4 {[%emt 0:04:53]} Bg7 {[%emt 0:01:40]} 25. Qe3 {[%emt 0:03:19]} Bxc4 {[%emt 0:03:43]} 26. Bxg7 {[%emt 0:00:30]} Kxg7 {[%emt 0:06:40]} 27. Qd4+ {[%emt 0:00:12]} Kg8 {[%emt 0:01:40]} 28. Qxc4 {[%emt 0:00:17]} b5 {[%emt 0:00:45]} 29. Qd4 {[%emt 0:01:53]} Ne6 {[%emt 0:01:20]} 30. Qe3 {[%emt 0:01:41]} Kg7 {[%emt 0:02:04]} 31. Ne2 {[%emt 0:01:41]} c5 {[%emt 0:00:50]} 32. Qg3 {[%emt 0:04:28]} Ng5 {[%emt 0:01:28]} 33. Nf4 {[%emt 0:02:08]} Nxe4 {[%emt 0:02:21]} 34. Nh5+ {[%emt 0:00:32]} Kf8 {[%emt 0:00:56]} 35. Bxe4 {[%emt 0:00:08]} 1-0